| 000 | nam a22 7a 4500 | ||
|---|---|---|---|
| 999 |
_c48786 _d48786 |
||
| 003 | OSt | ||
| 005 | 20190904102051.0 | ||
| 008 | 190904b xxu||||| |||| 00| 0 eng d | ||
| 040 | _cIIMT GR. NOIDA | ||
| 100 | _aMAIDASAENI, DENESH | ||
| 245 | _aLEARNING COMPUTER FUNDAMENTAL | ||
| 260 |
_aN.DELHI _bFIREWALL _c2016 |
||
| 300 | _a66 | ||
| 942 |
_2ddc _c01 |
||